00902 2200325 4500001002100000005001500021035002500036007000300061008004100064020002200105040001700127041000800144082001800152084002000170090002400190090002200214100003400236245003200270250002600302260003600328300004800364504003300412650001300445850001200458999002200470990002200492990002000514990002200534990002000556INLIS00000000003400320200619110208 a0010-021800000000729ta180222s2014 yoia g 0 ind d a978-602-280-390-4 aYOPDYOGbind0 aind04223a570.15195 a570.15195 HER b aDEP 570.15195 HER b aCB-D.11 2014-25990 aHerlinawatid1980-ePengarang1 aBiostatistik /cHerlinawati aCetakan pertama, 20143 aYogyakarta :bDeepublish,c2014 aviii, 138 halaman :bgrafik, tabel ;c20 cm aBibliografi: halaman 129-130 4aBiometri aYOPDYOG aCB-D.11/2014-2599 aCB-D.11/2014-2599 a63062-PD/A.2019 aCB-D.11/2014-2599 a63062-PD/A.2019